Statistics for 46 of the best rivalries in the NHL

Click here to take the quiz!

General Stats

  • This quiz has been taken 198 times
  • The average score is 16 of 45

Answer Stats

NicknamePlayer with the rivalriesPlayer that hates the other guy% Correct
Battle of New YorkNew York Rangers vsIslanders
85%
The battle of PennsylvaniaPittsburgh Penguins vsFlyers
81%
Sid the kid vs OvieSidney Crosby vsOvechkin
81%
He loves us. he loves us notHarold Ballard vsMaple Leafs
80%
Canada's teamsCanadiens vsMaple Leafs
80%
Booing AlfieDaniel Alfredsson vsMaple Leafs
80%
Battle of AlbertaCalgary Flames vsOilers
80%
Happy life happy wifeChris Pronger vsOilers
80%
ST.Patty's wayPatrick Roy vsCanadiens
75%
Original six showdownBoston Bruins vsCanadiens
75%
Montreal's makerMilan Lucic vsCanadiens
75%
Rocky mountain/Motown ShowdownColorado Avalanche vsRed Wings
72%
Two worlds collideTeam Russia vsCanada
65%
The separatistEric Lindros vsNordiques
52%
French resistanceMontreal Canadiens vsNordiques
52%
A tale of two citiesNew York Rangers vsBruins
49%
Cold war 2.0NHL vsKHL
45%
The disney DevilsWayne Gretzky vsDevils
42%
Cookie monsterMatt Cooke vsNHL
36%
Inspirational Ted talksTed Lindsay vsNHL
36%
Persona non grataDany Heatley vsSenators
36%
Brothers battleTeam FinlandTeam Sweden
31%
Epitome of enemiesBoston CollegeBoston U
30%
Bill' willBill Wirtz vsBlackhawks
28%
David & GoliathBob Probert vsDomi
25%
Great HateGordie Howe vsRichard
25%
War of the womenCanadian womenAmerican women
23%
Seven-year itchNHL vsWHA
23%
Broad street breakupEric Lindros vsClarke
13%
Hard fellings remainCam Neely vsSamuelsson
12%
Freedom fightersSoviet Union vsCzechoslovakia
8%
Get the F--- out of hereLarry Brooks vsTortorella
8%
The doughnut debacleJim Schoenfeld vsKoharski
5%
Managerial meleeBrian Burke vsLowe
4%
The eagle has groundedRuss ConwayEagleson
3%
Stand on guard for theeDon Cherry vsEuropeans
3%
Boardroom madnessGary Bettman vsGoodenow
3%
Hockey hall of shameDoug Harvey vsHall of fame
3%
The Broadcast battleTSN vsRogers
3%
Senator scandalOttawa Senators vsYashin
3%
Polarized partnersSprague Cleghorn vsGerard
1%
Much add about nothingPeter Karmanos vsIlitch
1%
Famous friends' falling outConn Smythe vsSelke
1%
Mad mikeMike Milbury vsThe World
1%
Revenge of the nerdsAdvanced statistics vsTraditionalists
1%

Score Distribution

Percentile by Number Answered

Percent of People with Each Score

Your Score History

You have not taken this quiz